[Event "13th Goodricke"]
[Site "Calcutta IND"]
[Date "2002.03.17"]
[Round "1"]
[White "Konguvel,P"]
[Black "Aleksandrov,A"]
[Result "0-1"]
[WhiteElo "2404"]
[BlackElo "2645"]
[EventDate "2002.03.17"]

1. e4 e5 2. Nf3 Nc6 3. Bb5 Nf6 4. O-O Nxe4 5. d4 Nd6 6. Bxc6 dxc6 7. dxe5
Nf5 8. Qxd8+ Kxd8 9. Nc3 a5 10. h3 a4 11. a3 Be6 12. Re1 Kc8 13. g4 Ne7 14.
Ng5 Nd5 15. Nce4 h6 16. Nxe6 fxe6 17. Be3 Be7 18. c4 Nxe3 19. Rxe3 Ra5 20.
Rae1 Rxe5 21. f4 Ra5 22. Kg2 Rd8 23. Nf2 Bf6 24. R1e2 Rd4 25. Rxe6 Rxf4 26.
Ne4 Bd4 27. Ng3 Rf8 28. Nf5 Bf6 29. Nxh6 Rc5 30. Nf5 Rxc4 31. Kg3 b5 32. h4
Kb7 33. Ne3 Rc1 34. g5 Bd4 35. Rd2 c5 36. Ng2 Rff1 37. h5 Rfd1 38. Ree2
Rxd2 39. Rxd2 Rb1 40. Rxd4 cxd4 41. h6 gxh6 42. g6 d3 43. g7 d2 44. g8=Q
d1=Q 45. Qe6 Qd6+ 0-1

[Event "13th Goodricke"]
[Site "Calcutta IND"]
[Date "2002.03.17"]
[Round "1"]
[White "Sharma,D"]
[Black "Sulskis,S"]
[Result "1/2-1/2"]
[WhiteElo "2380"]
[BlackElo "2579"]
[EventDate "2002.03.17"]

1. Nf3 d5 2. d4 c6 3. e3 Bf5 4. c4 e6 5. Nc3 Nf6 6. Bd3 Bxd3 7. Qxd3 Bb4 8.
O-O Nbd7 9. a3 Qa5 10. cxd5 exd5 11. Nd2 Be7 12. b4 Qc7 13. Bb2 O-O 14.
Rac1 a6 15. e4 dxe4 16. Ndxe4 Bd6 17. h3 Bh2+ 18. Kh1 Bf4 19. Rcd1 Nxe4 20.
Qxe4 Rfe8 21. Qf3 Nb6 22. d5 Nc4 23. Ba1 Nd2 24. Qg4 f5 25. Qxf5 Nxf1 26.
Ne4 Nd2 27. d6 Rf8 28. Qxf8+ Rxf8 29. dxc7 Nxe4 30. Rd7 Nf6 31. Bxf6 gxf6
32. g3 Bxc7 33. Rxc7 Rf7 34. Rc8+ Rf8 35. Rc7 Rf7 36. Rc8+ Rf8 37. Rc7
1/2-1/2

[Event "13th Goodricke"]
[Site "Calcutta IND"]
[Date "2002.03.17"]
[Round "1"]
[White "Kotsur,P"]
[Black "Swathi,G"]
[Result "1-0"]
[WhiteElo "2578"]
[BlackElo "2362"]
[EventDate "2002.03.17"]

1. c4 e5 2. Nc3 Nf6 3. Nf3 Nc6 4. d3 Bb4 5. Bd2 O-O 6. e4 a5 7. Be2 d6 8.
h3 h6 9. O-O Nh7 10. a3 Bc5 11. Nb5 f5 12. exf5 Bxf5 13. Be3 Bxe3 14. fxe3
Ng5 15. Kh2 Nxf3+ 16. Bxf3 Qd7 17. Bd5+ Kh8 18. e4 Ne7 19. Bxb7 Rab8 20.
Bd5 Bg6 21. Qg4 Qxg4 22. Rxf8+ Rxf8 23. hxg4 c6 24. Nxd6 cxd5 25. cxd5 Nxd5
26. exd5 Rd8 27. Nc4 Rxd5 28. Re1 Bxd3 29. Nxe5 Bc2 30. Re3 a4 31. Kg3 Bb3
32. Nf3 Kh7 33. Kf4 Bd1 34. Re4 Rc5 35. Rd4 Bb3 36. Ke3 Rc1 37. Nd2 Rc2 38.
Nxb3 axb3 39. Rd2 Rc4 40. Rd3 Rc2 41. Rxb3 Rxg2 42. Kf3 Rg1 43. a4 1-0

[Event "13th Goodricke"]
[Site "Calcutta IND"]
[Date "2002.03.17"]
[Round "1"]
[White "Gleizerov,E"]
[Black "Blauert,J"]
[Result "1/2-1/2"]
[WhiteElo "2587"]
[BlackElo "2390"]
[EventDate "2002.03.17"]

1. d4 d5 2. c4 dxc4 3. e3 e6 4. Bxc4 c5 5. Nf3 a6 6. O-O Nf6 7. Bb3 b5 8.
a4 b4 9. Nbd2 Bb7 10. e4 Be7 11. e5 Nfd7 12. Nc4 O-O 13. Bc2 cxd4 14. Nxd4
Qc7 15. Qd3 g6 16. Bf4 Nc6 17. Nf3 Nc5 18. Qe3 b3 19. Bxb3 Nxb3 20. Qxb3
Rab8 21. Rfc1 Na5 22. Nxa5 Qxa5 23. Qc3 Qxc3 24. bxc3 Bxf3 25. gxf3 Rfc8
26. a5 Rc4 27. Be3 Bd8 28. Rcb1 Rxb1+ 29. Rxb1 Bxa5 30. Rb8+ Kg7 31. Bg5
Bxc3 32. Bf6+ Kh6 33. h4 Rc5 34. Bg5+ Kg7 35. Bf6+ Kh6 36. Bg5+ Kg7 37.
Bf6+ 1/2-1/2

[Event "13th Goodricke"]
[Site "Calcutta IND"]
[Date "2002.03.17"]
[Round "1"]
[White "Prakash,G"]
[Black "Wong Zi Jing"]
[Result "1-0"]
[WhiteElo "2451"]
[BlackElo "2256"]
[EventDate "2002.03.17"]

1. d4 Nf6 2. c4 c5 3. d5 b5 4. Nd2 bxc4 5. e4 e6 6. Bxc4 exd5 7. exd5 Bb7
8. Ndf3 d6 9. Ne2 Be7 10. O-O O-O 11. b3 Ng4 12. Bf4 Bf6 13. Rb1 Re8 14. b4
Na6 15. a3 cxb4 16. axb4 Nc7 17. Re1 Ne5 18. Bxe5 Bxe5 19. b5 Qf6 20. Qb3
Re7 21. Red1 Rae8 22. Ned4 Bxd4 23. Nxd4 Re4 24. Nc6 Na8 25. Bd3 Rf4 26.
Re1 Rf8 27. Qb2 Qg5 28. Qa2 Rg4 29. Bf1 Nb6 30. Qxa7 Nxd5 31. Qxb7 Nf4 32.
Ne7+ Qxe7 33. Qf3 Qh4 34. Rb3 Ne6 35. h3 Rb4 36. Rxb4 Qxb4 37. Rd1 Rc8 38.
Qd5 Qa3 39. Qb7 Rc2 40. Qb8+ Nf8 41. Qxd6 Qa2 42. Qd4 Ne6 43. Qd8+ Nf8 44.
Qh4 g6 45. Qf6 Qb2 46. Qe7 Ne6 47. Rd7 Rxf2 48. Qe8+ Nf8 49. Rd8 Rxf1+ 50.
Kxf1 Qc1+ 51. Ke2 Qc2+ 52. Ke3 Qc3+ 53. Kf2 1-0

[Event "13th Goodricke"]
[Site "Calcutta IND"]
[Date "2002.03.17"]
[Round "1"]
[White "Yogesh,G"]
[Black "Fominyh,A"]
[Result "0-1"]
[WhiteElo "2333"]
[BlackElo "2536"]
[EventDate "2002.03.17"]

1. d4 Nf6 2. Nf3 c5 3. g3 cxd4 4. Nxd4 d5 5. Bg2 e5 6. Nb3 Be6 7. O-O Be7
8. Bg5 Nbd7 9. Nc3 h6 10. Bxf6 Nxf6 11. Qd2 Rc8 12. Rad1 Bb4 13. Qe3 Bxc3
14. bxc3 Qc7 15. f4 Qxc3 16. Rd3 Qc7 17. f5 d4 18. Nxd4 Bc4 19. Rc3 O-O 20.
Nb3 b5 21. Nd2 Ng4 22. Qf3 Qb6+ 23. Kh1 Bd5 24. Qxg4 Bxg2+ 25. Kxg2 Rxc3
26. f6 g6 27. Ne4 Rc4 28. Rf3 Qd4 29. Qh4 h5 30. Qg5 Kh7 31. Nf2 e4 32. Rf4
Qc5 33. Qh4 Qd5 34. e3 Rxc2 35. g4 Rh8 36. Rf5 Rxf2+ 37. Rxf2 Kg8 38. Rc2
Qd7 39. h3 0-1

[Event "13th Goodricke"]
[Site "Calcutta IND"]
[Date "2002.03.17"]
[Round "1"]
[White "Hossain,Enam"]
[Black "Koneru,H"]
[Result "1/2-1/2"]
[WhiteElo "2426"]
[BlackElo "2539"]
[EventDate "2002.03.17"]

1. e4 c6 2. d4 d5 3. Nc3 dxe4 4. Nxe4 Nd7 5. Ng5 Ngf6 6. Bd3 e6 7. Qe2 Bd6
8. N1f3 h6 9. Ne4 Nxe4 10. Qxe4 Nf6 11. Qh4 Ke7 12. Ne5 Bxe5 13. dxe5 Qa5+
14. c3 Qxe5+ 15. Be3 Rd8 16. O-O-O Qh5 17. Qg3 Qg4 18. Qe5 Rd5 19. Qc7+ Rd7
20. Qa5 Qh5 21. Qa3+ Ke8 22. c4 Qe5 23. h3 b5 24. Qa5 Bb7 25. Rhe1 Qc7 26.
Qxc7 Rxc7 27. Bc5 bxc4 28. Bxc4 Rd7 29. f4 Rxd1+ 30. Rxd1 Nd7 31. Bd4 Nb6
32. Bb3 g6 33. Bc5 Nd5 34. Rd4 h5 35. g3 Kd7 36. h4 Kc7 37. Bxd5 cxd5 38.
Rd3 Kd7 39. Bd4 a6 40. Kd2 Bc6 41. Rb3 Bb5 42. Rb4 Rc8 43. b3 Rc7 44. a4
Bc6 1/2-1/2

[Event "13th Goodricke"]
[Site "Calcutta IND"]
[Date "2002.03.17"]
[Round "1"]
[White "Lalic,B"]
[Black "Singh,SV"]
[Result "1-0"]
[WhiteElo "2523"]
[BlackElo "2299"]
[EventDate "2002.03.17"]

1. c4 Nf6 2. Nc3 g6 3. e4 d6 4. d4 Bg7 5. f3 O-O 6. Nge2 e5 7. Bg5 h6 8.
Be3 exd4 9. Nxd4 Nc6 10. Qd2 Nxd4 11. Bxd4 Be6 12. Be2 Nh5 13. g3 Bxd4 14.
Qxd4 Ng7 15. O-O-O a6 16. Kb1 Kh7 17. c5 dxc5 18. Qxc5 Qc8 19. g4 c6 20.
Qe3 f6 21. h4 Qc7 22. f4 Rae8 23. Qg3 b5 24. Rdg1 Kg8 25. Bd3 Bc4 26. Bxc4+
bxc4 27. f5 Qxg3 28. Rxg3 Kh7 29. Kc2 gxf5 30. gxf5 Nh5 31. Rg4 Rd8 32. Rd1
Rxd1 33. Nxd1 Rd8 34. e5 fxe5 35. Rxc4 Rd6 36. Rc5 e4 37. Re5 Ng3 38. Nc3
Rf6 39. Re7+ Kg8 40. Nxe4 Nxe4 41. Rxe4 Rxf5 42. Re6 Rc5+ 43. Kd3 Kg7 44.
a4 a5 45. Re4 Rf5 46. Kc4 Rf2 47. b4 axb4 48. Kxb4 Ra2 49. Rc4 Rh2 50. Kc5
h5 51. a5 Ra2 52. Kb6 Kf7 53. a6 Rb2+ 54. Kxc6 Ra2 55. Kb6 Ke7 56. a7 Rb2+
57. Ka5 1-0

[Event "13th Goodricke"]
[Site "Calcutta IND"]
[Date "2002.03.17"]
[Round "1"]
[White "Sengupta,D"]
[Black "Barua,D"]
[Result "0-1"]
[WhiteElo "2292"]
[BlackElo "2515"]
[EventDate "2002.03.17"]

1. e4 e6 2. d4 d5 3. e5 c5 4. c3 Nc6 5. Be3 Nh6 6. Nf3 Qb6 7. Qd2 Bd7 8.
Be2 Nf5 9. O-O Nxe3 10. fxe3 Be7 11. Kh1 O-O 12. Qc1 f6 13. exf6 Rxf6 14.
Nbd2 Raf8 15. Qc2 Be8 16. Bd3 Rh6 17. dxc5 Bxc5 18. e4 Qc7 19. Rae1 Ne5 20.
b4 Ng4 21. bxc5 Rxh2+ 22. Kg1 Qg3 23. Re2 Rf6 24. exd5 Rfh6 25. Bxh7+ Kh8
26. Nh4 Rh1+ 0-1

[Event "13th Goodricke"]
[Site "Calcutta IND"]
[Date "2002.03.17"]
[Round "1"]
[White "Visweswaran,K"]
[Black "Ovsejevitsch,S"]
[Result "1/2-1/2"]
[WhiteElo "2310"]
[BlackElo "2529"]
[EventDate "2002.03.17"]

1. e4 e5 2. Nf3 Nc6 3. Bb5 Nf6 4. d3 Bc5 5. O-O Nd4 6. Nxd4 Bxd4 7. c3 Bb6
8. Nd2 c6 9. Ba4 O-O 10. Nf3 d5 11. exd5 Qxd5 12. Bb3 Qd6 13. h3 Bf5 14. d4
exd4 15. Nxd4 Bxd4 16. Qxd4 Qxd4 17. cxd4 Rfe8 18. Be3 Be6 19. Bc2 Nd5 20.
Bd2 Nb6 21. Rfe1 Red8 22. Be3 a5 23. Red1 a4 24. a3 Nc4 25. Rab1 Bd5 26.
Bd3 Nd6 27. Bf4 Rd7 28. Re1 Be6 29. Rbc1 h6 30. Rc5 Ne8 31. Be3 Nf6 32. Re5
Nd5 33. Bd2 Nc7 34. Bc3 Nd5 35. Bd2 Rdd8 36. f4 Nf6 37. Bc3 Bb3 38. g3 Nd5
39. Be4 b5 40. Bxd5 Bxd5 41. g4 f6 42. Re7 Bf7 1/2-1/2

[Event "13th Goodricke"]
[Site "Calcutta IND"]
[Date "2002.03.17"]
[Round "1"]
[White "Ramesh,R"]
[Black "Al Sayed,Mohamad"]
[Result "1/2-1/2"]
[WhiteElo "2480"]
[BlackElo "2413"]
[EventDate "2002.03.17"]

1. e4 c5 2. Nf3 Nc6 3. d4 cxd4 4. Nxd4 Nf6 5. Nc3 e5 6. Ndb5 d6 7. Bg5 a6
8. Na3 b5 9. Bxf6 gxf6 10. Nd5 f5 11. Bd3 Be6 12. O-O Bxd5 13. exd5 Ne7 14.
c3 Bg7 15. Qh5 e4 16. Bc2 Qc8 17. Rae1 O-O 18. Kh1 Ng6 19. Bb1 Re8 20. Nc2
f4 21. Nb4 Re5 22. Qd1 Qc4 23. b3 Qxc3 24. Nc6 Ree8 25. Bxe4 a5 26. a4 bxa4
27. bxa4 Qa3 28. Qc2 Qc3 29. Qb1 Qc4 30. Bxg6 hxg6 31. Qb5 Re4 32. f3 Qxa4
33. Qb7 Ree8 34. Rxe8+ Rxe8 35. Qd7 Kf8 36. Qxd6+ Kg8 37. Qc5 Bf8 38. Qxa5
Qc4 39. Ra1 Qd3 40. h3 Bd6 41. Kh2 Kg7 42. Ra2 Qf1 43. Qc3+ Kg8 44. Qd4 Qe1
45. Qf2 Qd1 46. Qd2 Re1 47. Qxd1 Rxd1 48. Ra5 Kg7 49. Rb5 Kf6 50. Nd8 Bc7
51. Nc6 Kg7 52. Rb7 Bd6 53. Nd8 Kg8 54. Nxf7 Bc5 55. h4 Rxd5 56. Nh6+ Kf8
57. Kh3 Rh5 58. Rb5 Kg7 59. Ng4 Be7 60. Rxh5 gxh5 61. Nf2 Kg6 62. Ne4 Bd8
63. g3 fxg3 64. Kxg3 Bc7+ 65. Kg2 Bd8 66. Kh3 Bc7 67. Nc3 Kf5 68. Nd5 Ba5
69. Kh2 Ke5 70. Ne7 Be1 71. Kg2 Ke6 72. Ng6 Kf5 73. Ne7+ Ke6 74. Ng6
1/2-1/2

[Event "13th Goodricke"]
[Site "Calcutta IND"]
[Date "2002.03.17"]
[Round "1"]
[White "Palit,S"]
[Black "Kunte,A"]
[Result "0-1"]
[WhiteElo "2257"]
[BlackElo "2479"]
[EventDate "2002.03.17"]

1. e4 c5 2. Nf3 e6 3. d4 cxd4 4. Nxd4 Nf6 5. Nc3 d6 6. Be3 Be7 7. f3 Nc6 8.
Qd2 a6 9. O-O-O Nxd4 10. Bxd4 b5 11. g4 O-O 12. h4 Nd7 13. Qf2 Qa5 14. Kb1
Bb7 15. g5 Rac8 16. Ne2 d5 17. Ng3 Bc5 18. Bh3 Qb6 19. Bxc5 Qxc5 20. Qxc5
Rxc5 21. f4 Rfc8 22. f5 Nf8 23. exd5 Bxd5 24. Rh2 R8c7 25. fxe6 fxe6 26.
Rf2 Rf7 27. Rxf7 Kxf7 28. Rf1+ Ke7 29. Nh5 Rc4 30. Rf4 Ng6 31. Rxc4 Bxc4
32. Nxg7 Nxh4 33. Bg4 Kf7 34. b3 Bd5 35. Nh5 Bf3 36. Nf6 Bxg4 37. Nxg4 Nf3
38. c4 bxc4 39. bxc4 Nxg5 40. Kc2 h5 41. Nh2 Ke7 42. Kc3 Kd6 43. Kd4 e5+
44. Kd3 Kc5 45. a3 h4 46. Ng4 h3 47. Nh2 e4+ 48. Kc3 Nf3 49. Nf1 h2 50. Ng3
Kc6 51. Kc2 Nd4+ 52. Kd2 Nf5 53. Nh1 Kc5 54. Kc3 a5 55. a4 e3 0-1

[Event "13th Goodricke"]
[Site "Calcutta IND"]
[Date "2002.03.17"]
[Round "1"]
[White "Ghaem Maghami,E"]
[Black "Mohota,N"]
[Result "1-0"]
[WhiteElo "2513"]
[BlackElo "2257"]
[EventDate "2002.03.17"]

1. c4 f5 2. d4 Nf6 3. Nf3 g6 4. g3 Bg7 5. b4 O-O 6. Bb2 d6 7. Bg2 Qe8 8.
O-O h6 9. Nbd2 g5 10. d5 e5 11. dxe6 Bxe6 12. Nd4 Bc8 13. Qb3 c6 14. Rae1
f4 15. c5+ d5 16. e4 fxe3 17. fxe3 Kh8 18. e4 dxe4 19. Nc4 Be6 20. Nxe6
Qxe6 21. Bxe4 Nbd7 22. Bf5 Qg8 23. Be6 Qh7 24. Nd6 a5 25. Bxd7 Nxd7 26.
Nf7+ Rxf7 27. Rxf7 a4 28. Rxg7 1-0

[Event "13th Goodricke"]
[Site "Calcutta IND"]
[Date "2002.03.17"]
[Round "1"]
[White "Dhar,S"]
[Black "Mahesh Chandran,P"]
[Result "1/2-1/2"]
[WhiteElo "2193"]
[BlackElo "2436"]
[EventDate "2002.03.17"]

1. e4 e5 2. Nf3 Nc6 3. Bb5 a6 4. Ba4 Nf6 5. d4 exd4 6. O-O d6 7. Nxd4 Bd7
8. c3 Be7 9. Re1 O-O 10. Bc2 b5 11. Nd2 Nxd4 12. cxd4 c5 13. e5 dxe5 14.
dxe5 Nd5 15. Be4 Be6 16. Nf1 c4 17. Ne3 Nb4 18. Nf5 Bxf5 19. Bxf5 Qxd1 20.
Rxd1 Rfd8 21. Bd2 a5 22. Be4 Ra6 23. a3 Nd3 24. Bc3 Bc5 25. Kf1 Ra7 26.
Bxd3 cxd3 27. b4 Bb6 28. Ra2 a4 29. Rad2 Rad7 30. Bb2 Kf8 31. g3 Ke7 32.
Kg2 g5 33. Kf3 Ke6 34. Ke4 g4 35. f4 gxf3 36. Kxf3 Rd5 37. Ke4 Bc7 38. Rxd3
Rxd3 39. Rxd3 Rxd3 40. Kxd3 Kd5 41. Bd4 1/2-1/2

[Event "13th Goodricke"]
[Site "Calcutta IND"]
[Date "2002.03.17"]
[Round "1"]
[White "Abdulla,Al"]
[Black "Sangma,R"]
[Result "1/2-1/2"]
[WhiteElo "2432"]
[BlackElo "2180"]
[EventDate "2002.03.17"]

1. d4 Nf6 2. Nf3 g6 3. Nc3 d5 4. Bf4 c6 5. e3 Bg7 6. Be2 O-O 7. Ne5 Nbd7 8.
h4 Nxe5 9. Bxe5 Ne4 10. Bxg7 Nxc3 11. Qd3 Kxg7 12. Qxc3 h6 13. O-O-O Qd6
14. g4 f5 15. gxf5 Bxf5 16. f4 h5 17. Rdg1 Kh6 18. Rg5 Rf6 19. Qe1 Qe6 20.
Qg3 Qe4 21. Bd3 Qe6 22. Rg1 Bg4 23. f5 Qd6 24. Qxd6 exd6 25. Rxg6+ Rxg6 26.
fxg6 Rf8 27. Rg2 Kg7 28. Kd2 Rf6 29. a4 Bh3 30. Rg3 Bg4 31. Rg2 Bh3 32. Rh2
Bf1 33. b4 Bxd3 34. Kxd3 Rxg6 35. b5 Rg4 36. Rh1 Kf6 37. bxc6 bxc6 38. a5
c5 39. a6 cxd4 40. exd4 Rg3+ 41. Kd2 Ra3 42. Rf1+ Ke6 43. Rg1 Rxa6 44. Rg5
Ra4 45. Kc3 Ra3+ 46. Kb2 Rh3 47. Rxh5 Kd7 48. Rh8 Ke6 49. h5 Kf6 50. h6 Kg5
51. h7 Kg6 52. Rd8 Kxh7 53. Rxd6 Rh5 54. Ra6 Kg7 55. Kb3 Kf7 56. c3 Ke7 57.
Kb4 Rh8 58. Rxa7+ Kd6 59. Ra6+ Kd7 60. Kc5 Rc8+ 61. Kxd5 Rxc3 62. Ra7+ Kc8
63. Kd6 Rd3 64. d5 Rd1 65. Ra8+ Kb7 66. Rd8 Rh1 67. Re8 Rd1 68. Re5 Kc8 69.
Rh5 Rd2 70. Rh8+ Kb7 71. Ke6 Kc7 72. Rh7+ Kd8 73. Kd6 Kc8 74. Re7 Rd1 75.
Re5 Kd8 76. Rf5 Kc8 77. Rf8+ Kb7 78. Re8 Rd2 79. Re5 Kc8 80. Ke7 Kc7
1/2-1/2

[Event "13th Goodricke"]
[Site "Calcutta IND"]
[Date "2002.03.17"]
[Round "1"]
[White "Bakre,T"]
[Black "Sriram,J"]
[Result "1/2-1/2"]
[WhiteElo "2477"]
[BlackElo "2408"]
[EventDate "2002.03.17"]

1. e4 c5 2. Nf3 e6 3. b3 b6 4. d4 Bb7 5. d5 Nf6 6. dxe6 dxe6 7. Qxd8+ Kxd8
8. Ne5 Ke8 9. f3 Nfd7 10. Nxd7 Kxd7 11. Bb2 Nc6 12. Nc3 Bd6 13. O-O-O Ke7
14. g3 Be5 15. f4 Bxc3 16. Bxc3 f6 17. Bg2 Rhd8 18. Rhe1 Rxd1+ 19. Rxd1 Rd8
20. Rxd8 Kxd8 21. e5 f5 22. Kd2 Kc7 23. Bf1 Ne7 24. Bb2 Bd5 25. Be2 Be4 26.
Bd1 Nd5 27. a3 b5 28. c4 bxc4 29. bxc4 Ne7 30. Bc3 Kb6 31. Ke3 Bb7 32. Be2
Ba6 33. h3 Nc6 34. g4 g6 35. Kd3 Na5 36. Bxa5+ Kxa5 37. Bd1 Bb7 38. g5 Bc6
39. h4 Ba4 40. Bf3 Be8 41. Kc3 Kb6 42. Bd1 Kc7 43. Bf3 Kb6 44. Kb3 Kc7
1/2-1/2

[Event "13th Goodricke"]
[Site "Calcutta IND"]
[Date "2002.03.17"]
[Round "1"]
[White "Sundararajan,K"]
[Black "Sandipan,C"]
[Result "1-0"]
[WhiteElo "2412"]
[BlackElo "2452"]
[EventDate "2002.03.17"]

1. d4 Nf6 2. c4 e6 3. Nc3 Bb4 4. e3 O-O 5. Bd3 d5 6. a3 Bxc3+ 7. bxc3 Nc6
8. cxd5 Qxd5 9. f3 e5 10. Ne2 Re8 11. e4 Qd6 12. Be3 Nh5 13. Qd2 Na5 14.
Rb1 Bd7 15. O-O b6 16. f4 exd4 17. cxd4 f5 18. e5 Qe6 19. Qc2 Nf6 20. Bd2
Nd5 21. Bxa5 bxa5 22. Nc3 Nxc3 23. Qxc3 Bc6 24. Bxf5 Qd5 25. Rf2 Rab8 26.
Rc1 Ba8 27. Bd3 Kh8 28. Bc4 Qe4 29. Re1 Rb1 30. Rxb1 Qxb1+ 31. Bf1 Qe4 32.
Qxa5 Qxd4 33. Qxc7 h6 34. Qd6 Qe3 35. Qd3 Qb6 36. Qb5 Qe6 37. h3 Be4 38.
Bc4 Qe7 39. Qb4 Qc7 40. Bb5 Rb8 41. Qxe4 Rxb5 42. Kh2 Rb8 43. Rd2 Qc1 44.
Rd3 Rf8 45. e6 Qc7 46. Qe5 Qxe5 47. fxe5 Re8 48. Rd6 Kg8 49. Kg3 Kf8 50.
Kf4 g6 51. Ra6 Ke7 52. Rxa7+ Kxe6 53. Rg7 g5+ 54. Ke4 Rh8 55. Rg6+ Ke7 56.
Kf5 Rf8+ 57. Rf6 Rh8 58. a4 h5 59. Kxg5 h4 60. a5 1-0

[Event "13th Goodricke"]
[Site "Calcutta IND"]
[Date "2002.03.18"]
[Round "2"]
[White "Ravi,T"]
[Black "Abdulla,Al"]
[Result "0-1"]
[WhiteElo "2357"]
[BlackElo "2432"]
[EventDate "2002.03.17"]

1. e4 c6 2. d4 d5 3. exd5 cxd5 4. c4 Nf6 5. Nc3 g6 6. Qb3 Bg7 7. cxd5 O-O
8. Be2 Nbd7 9. Bf3 Nb6 10. a4 a5 11. Nge2 Bg4 12. Bxg4 Nxg4 13. O-O Nf6 14.
Nf4 Qd6 15. Rd1 Rfc8 16. h3 Rc4 17. Nd3 Nh5 18. Be3 Rac8 19. Nb5 Qd8 20. d6
exd6 21. Na7 Ra8 22. Ne5 d5 23. Nb5 Rb4 24. Qc2 Rc8 25. Qe2 Rxa4 26. Rxa4
Nxa4 27. Ra1 Nb6 28. Rxa5 Nd7 29. Ra7 Nxe5 30. dxe5 Bxe5 31. Rxb7 Qf6 32.
Qg4 Qc6 33. f4 Bxf4 34. Bxf4 Qxb7 35. Nd6 Qb6+ 36. Kh2 Rd8 37. Nf5 Nxf4 38.
Nh6+ Kg7 39. Nf5+ Kf8 40. Qxf4 gxf5 0-1

[Event "13th Goodricke"]
[Site "Calcutta IND"]
[Date "2002.03.18"]
[Round "2"]
[White "Kunte,A"]
[Black "Kotsur,P"]
[Result "0-1"]
[WhiteElo "2479"]
[BlackElo "2578"]
[EventDate "2002.03.17"]

1. e4 c5 2. Nf3 d6 3. d4 cxd4 4. Nxd4 Nf6 5. Nc3 Nc6 6. f3 Nxd4 7. Qxd4 g6
8. Bg5 Bg7 9. Bb5+ Bd7 10. Bxd7+ Qxd7 11. O-O-O O-O 12. Qe3 Qe6 13. Rhe1
Rfc8 14. Nd5 Rc5 15. Qf4 Nxd5 16. exd5 Qc8 17. Rd2 Be5 18. Qh4 Qf5 19. f4
Bg7 20. Rxe7 Rac8 21. Ree2 Rb5 22. b3 Bc3 23. Rd1 f6 24. Bh6 Rxd5 25. Rxd5
Qxd5 26. Qh3 f5 27. Qe3 Bb4 28. Qe7 Ba3+ 0-1

[Event "13th Goodricke"]
[Site "Calcutta IND"]
[Date "2002.03.18"]
[Round "2"]
[White "Goloshchapov,A"]
[Black "Prakash,G"]
[Result "1-0"]
[WhiteElo "2545"]
[BlackElo "2451"]
[EventDate "2002.03.17"]

1. e4 c6 2. d4 d5 3. Nd2 dxe4 4. Nxe4 Bf5 5. Ng3 Bg6 6. h4 h6 7. Nf3 Nd7 8.
h5 Bh7 9. Bd3 Bxd3 10. Qxd3 Ngf6 11. Bf4 Qa5+ 12. Bd2 Qc7 13. O-O-O e6 14.
Ne4 O-O-O 15. g3 Nxe4 16. Qxe4 Bd6 17. Qe2 Rhe8 18. Kb1 Kb8 19. Rhe1 Ka8
20. c4 c5 21. Bc3 Nf6 22. Ne5 cxd4 23. Bxd4 Bb4 24. Rh1 Rd6 25. a3 Red8 26.
Nxf7 Qxf7 27. Bxf6 Qxf6 28. axb4 Qf5+ 29. Kc1 a5 30. Rxd6 Rxd6 31. b5 a4
32. Qc2 Qf3 33. Qxa4+ Kb8 34. Rd1 Rxd1+ 35. Qxd1 Qxf2 36. Qd6+ Ka7 37. Qxe6
Qxg3 38. Qf5 Qe1+ 39. Kc2 Kb6 40. Qd5 Qe2+ 41. Kc3 Qe3+ 42. Kb4 Qe1+ 43.
Ka4 Qa1+ 44. Kb3 Qg1 45. Qd6+ Ka7 46. Qa3+ Kb6 47. Qd6+ Ka7 48. c5 Qe3+ 49.
Ka2 Qe2 50. Qb6+ Ka8 51. Qd8+ Ka7 52. Qb6+ Ka8 53. c6 Qe6+ 54. b3 Qe2+ 55.
Ka3 Qe7+ 56. b4 bxc6 57. bxc6 g5 58. hxg6 Qg7 59. Qd8+ 1-0

[Event "13th Goodricke"]
[Site "Calcutta IND"]
[Date "2002.03.18"]
[Round "2"]
[White "Yegiazarian,A"]
[Black "Ghaem Maghami,E"]
[Result "1-0"]
[WhiteElo "2567"]
[BlackElo "2513"]
[EventDate "2002.03.17"]

1. e4 c5 2. Nf3 d6 3. d4 cxd4 4. Nxd4 Nf6 5. Nc3 a6 6. Rg1 e5 7. Nb3 h6 8.
g4 g5 9. Be3 Be6 10. Nd5 Nbd7 11. Qf3 Rc8 12. O-O-O Bg7 13. Kb1 O-O 14. h4
Nh7 15. hxg5 Nxg5 16. Qh1 b5 17. Bd3 Nc5 18. Nxc5 dxc5 19. Be2 Re8 20. f3
Bf8 21. c4 Bxd5 22. Rxd5 Qb6 23. Bxg5 hxg5 24. Qh5 Rc6 25. Qxg5+ Rg6 26.
Qe3 Rb8 27. cxb5 axb5 28. Rgd1 Qa5 29. Qb3 Qa6 30. Rd7 Re6 31. Bc4 bxc4 32.
Qxb8 Qa4 33. Rd8 Kg7 34. b3 cxb3 35. axb3 Qa6 36. Rxf8 Rb6 1-0

[Event "13th Goodricke"]
[Site "Calcutta IND"]
[Date "2002.03.18"]
[Round "2"]
[White "Ovsejevitsch,S"]
[Black "Dhar,S"]
[Result "1-0"]
[WhiteElo "2529"]
[BlackElo "2193"]
[EventDate "2002.03.17"]

1. d4 d5 2. c4 e6 3. Nc3 Nf6 4. cxd5 exd5 5. Bg5 Be7 6. e3 c6 7. Bd3 Nbd7
8. Nf3 O-O 9. Qc2 Re8 10. h3 Nf8 11. O-O Ng6 12. Bxf6 Bxf6 13. b4 a6 14. a4
Be7 15. b5 axb5 16. axb5 Rxa1 17. Rxa1 Bd6 18. Ra8 Qe7 19. Nxd5 cxd5 20.
Rxc8 Qd7 21. Rxe8+ Qxe8 22. Nd2 Qa8 23. g3 Nf8 24. Nb1 g6 25. Nc3 Qc8 26.
Kg2 Qe6 27. Qb3 Nd7 28. Qxd5 Bb4 29. Qxb7 Nc5 30. dxc5 Bxc3 31. Qf3 Bb4 32.
Qa8+ Kg7 33. Qa1+ Qf6 34. Qd4 Bc3 35. Qxf6+ Kxf6 36. b6 Ba5 37. f4 Ke7 38.
Kf3 Kd7 39. Bb5+ Kc8 40. Ke4 Kb7 41. g4 f6 42. g5 f5+ 43. Kd4 Bd2 44. Bc4
Bc1 45. Bg8 Bb2+ 46. Kc4 1-0

[Event "13th Goodricke"]
[Site "Calcutta IND"]
[Date "2002.03.18"]
[Round "2"]
[White "Koneru,H"]
[Black "Kuzmin,A"]
[Result "0-1"]
[WhiteElo "2539"]
[BlackElo "2568"]
[EventDate "2002.03.17"]

1. d4 Nf6 2. g3 d5 3. Nf3 Bf5 4. Bg2 e6 5. O-O Be7 6. c4 c6 7. b3 Nbd7 8.
Ba3 Bxa3 9. Nxa3 h6 10. b4 O-O 11. Qb3 a6 12. Nc2 dxc4 13. Qxc4 Nb6 14. Qb3
Qd5 15. Qb1 Qe4 16. Na3 Qxe2 17. Qc1 Ne4 18. Nh4 Nd5 19. Nc4 Bh7 20. a3
Nec3 21. Na5 Qb5 22. Qb2 b6 23. Nb3 a5 24. bxa5 Na4 25. Qa2 Ndc3 26. Qd2
Qxb3 27. Bxc6 Rxa5 0-1

[Event "13th Goodricke"]
[Site "Calcutta IND"]
[Date "2002.03.18"]
[Round "2"]
[White "Sandipan,C"]
[Black "Girinath,P"]
[Result "1-0"]
[WhiteElo "2452"]
[BlackElo "2336"]
[EventDate "2002.03.17"]

1. e4 e6 2. d4 d5 3. e5 c5 4. c3 Nc6 5. Nf3 Nh6 6. a3 c4 7. g3 f6 8. Bg2
Nf7 9. Qe2 Be7 10. O-O f5 11. Nbd2 Na5 12. b3 b6 13. b4 Nc6 14. a4 Bb7 15.
Ne1 Qd7 16. Nc2 Ncd8 17. Ne3 h5 18. Re1 g6 19. h4 a6 20. Bf3 Rc8 21. Ng2
Kf8 22. Nf4 Kg7 23. Nf1 Nh6 24. Ne3 Ng4 25. Neg2 Nf7 26. Nh3 Rce8 27. Bg5
Qd8 28. Qd2 Bc8 29. Re2 Ngh6 30. Bxe7 Rxe7 31. Ngf4 Ree8 32. Rae1 Ng4 33.
Bg2 Ngh6 34. Bxd5 exd5 35. e6 Qd6 36. exf7 Rxe2 37. Qxe2 Nxf7 38. Qe7 Qxe7
39. Rxe7 Rd8 40. Ng5 Rd7 41. Re6 Rd6 42. Re7 Rd7 43. Re8 Nd8 1-0

[Event "13th Goodricke"]
[Site "Calcutta IND"]
[Date "2002.03.18"]
[Round "2"]
[White "Sriram,J"]
[Black "Ramesh,R"]
[Result "1/2-1/2"]
[WhiteElo "2408"]
[BlackElo "2480"]
[EventDate "2002.03.17"]

1. d4 d5 2. c4 c6 3. Nf3 Nf6 4. e3 Bf5 5. Nc3 e6 6. Nh4 Be4 7. f3 Bg6 8.
Qb3 Qc7 9. Bd2 Nbd7 10. Rc1 Be7 11. g3 Nb6 12. cxd5 exd5 13. Nxg6 hxg6 14.
Bd3 Rd8 15. a4 Nbd7 16. Kf2 Nf8 17. a5 a6 18. Na4 Bd6 19. Qb6 Qxb6 20. Nxb6
Ne6 21. Na4 Nd7 22. b4 f5 23. Nc5 Bxc5 24. bxc5 Nf6 25. Rb1 Rd7 26. h3 O-O
1/2-1/2

[Event "13th Goodricke"]
[Site "Calcutta IND"]
[Date "2002.03.18"]
[Round "2"]
[White "Mahesh Chandran,P"]
[Black "Visweswaran,K"]
[Result "1-0"]
[WhiteElo "2436"]
[BlackElo "2310"]
[EventDate "2002.03.17"]

1. Nf3 Nf6 2. g3 g6 3. Bg2 Bg7 4. O-O O-O 5. c4 d6 6. Nc3 c5 7. d4 cxd4 8.
Nxd4 Nc6 9. h3 Bd7 10. Nxc6 Bxc6 11. e4 a6 12. Be3 Nd7 13. Qd2 Re8 14. Rfe1
Rc8 15. Rac1 Qa5 16. b3 b5 17. cxb5 axb5 18. Bd4 Bxd4 19. Qxd4 b4 20. Nd5
Bxd5 21. exd5 Rxc1 22. Rxc1 Nc5 23. Rc2 Qb6 24. Kh2 Ra8 25. Qe3 Ra7 26. Qh6
Qb5 27. Rc4 e5 28. dxe6 fxe6 29. Qf4 Qa6 30. Rxb4 Rf7 31. Qh6 Qa7 32. Rf4
Rxf4 33. Qxf4 Qxa2 34. Qxd6 Qa3 35. Qb8+ Kg7 36. b4 Nd3 37. b5 1-0